000 01591nam2a22003971 4500
001 v19\rc\1600754
005 20250618221114.0
035 _a(NLR Aleph) 004723192
090 _a4361215
_c4361215
100 _a20061002d1896 |||y0rusy50 ca
101 1 _arus
_cnor
_cnor
_cnor
_cnor
_cnor
_cnor
102 _aRU
105 _ay z |||a|
200 1 _a["Гедда Габлер"
_a"Маленький Эйольф"
_a"Женщина с моря"
_a"Речь к норвежским студентам"
_a"Сон"
_a"Первая драма"]
210 _d1896
_aБ. м.
215 _a333, [2] с.
461 0 _1001v19\rc\1600750
_12001#$aСобрание сочинений Генрика Ибсена$eТ. 1-6$vТ. 4
_1700#1$aИбсен$bГ.$f1828-1906$gГенрик$3RU\NLR\AUTH\7729701
_94361164
_aИбсен, Г. (1828-1906)
_cСанкт-Петербург
_d1896-1897
_nИ. Юровский
_oТ. 1-6
_p6 т.
_tСобрание сочинений Генрика Ибсена
_vТ. 4
532 1 3 _aГеда Габлер
532 1 3 _aМаленький Эйольф
532 1 3 _aЖенщина с моря
532 1 3 _aРечь к норвежским студентам
532 1 3 _aСон
532 1 3 _aПервая драма
801 0 _aRU
_bNLR
_gpsbo
801 0 _aRU
_bRuMoRGB
_2psbo
801 1 _aRU
_bProSoft-M
_2rusmarc
852 _aNLR
_j129/624
899 _aRuMoRGB
_jV 291/68
899 _aRuMoRGB
_jРб 10/2390
899 _aRuMoRGB
_jM 41/109
899 _aБАН
899 _aНБ СПбГУ
899 _aГПИБ
942 _cBOOK
980 _aNB